Zákony ... úplné znenia zákonov z oblasti životného prostredia a súvisiace predpisy platné k ... VI.
| Corporate Author: | |
|---|---|
| Format: | Serial |
| Language: | Slovak |
| PhysicalDescription: | zv. 21-24 cm Online vydanie: ISSN 1338-0869 (online) |
| Published: |
Žilina
Poradca
1998-
|
| ISBN: | 9788081620560 (brož. : r. 2019/A) 9788081620577 (brož. : r. 2019/B) 9788081621123 (brož. : r. 2020/A) 9788081621161 (brož. : r. 2020/B) 9788081621611 (brož. : r. 2021/A) 9788081621635 (brož. : r. 2021/B) 9788081622236 (brož. : r. 2022/A) 9788081622243 (brož. : r. 2022/B) 9788081622533 (brož. : r. 2023) |
| ISSN: | 1335-6127 1338-0869 |
| Subjects: |
MARC
| LEADER | 00000cas a2200000 a 4500 | ||
|---|---|---|---|
| 001 | vtls009138057 | ||
| 003 | SK-MaSNL | ||
| 005 | 20260425194048.0 | ||
| 008 | 190927c19989999xo ar l 0 b0slo | ||
| 015 | |a SNBB2008/03-01166 (r. 2005) |a SNBB2008/03-01167 (r. 2006) |a SNB2016-(r. 2007, r. 2008, r. 2009, r. 2010) |a SNB2018-(r. 2011, r. 2012, r. 2013, r. 2014, r. 2015, r. 2016, r. 2017, r. 2018) |a SNB2020-(r. 2019) |a SNB2021-(r. 2020, r. 2021) |a SNB2022-(r. 2022) |a SNB2024-(r. 2023) | ||
| 020 | |a 9788081620560 (brož. : r. 2019/A) | ||
| 020 | |a 9788081620577 (brož. : r. 2019/B) | ||
| 020 | |a 9788081621123 (brož. : r. 2020/A) | ||
| 020 | |a 9788081621161 (brož. : r. 2020/B) | ||
| 020 | |a 9788081621611 (brož. : r. 2021/A) | ||
| 020 | |a 9788081621635 (brož. : r. 2021/B) | ||
| 020 | |a 9788081622236 (brož. : r. 2022/A) | ||
| 020 | |a 9788081622243 (brož. : r. 2022/B) | ||
| 020 | |a 9788081622533 (brož. : r. 2023) | ||
| 022 | |a 1335-6127 |y 1335-1583 | ||
| 035 | |a SKPK43973 | ||
| 040 | |a SKPK |b slo |c SKPK |d SNK |e AACR2 | ||
| 041 | 0 | |a slo | |
| 043 | |a e-xo--- | ||
| 044 | |a xo |c SK | ||
| 072 | 7 | |a 349 |x Pracovné, sociálne, stavebné právo. Právo životného prostredia |2 konspekt | |
| 072 | 7 | |a 502 |x Životné prostredie a jeho ochrana |2 konspekt | |
| 080 | |a 349.6 |2 2011 | ||
| 080 | |a 502.17 |2 2011 | ||
| 080 | |a (437.6) |2 2011 | ||
| 080 | |a (094.5) |2 2011 | ||
| 080 | |a 050 |2 2011 | ||
| 110 | 1 | |a Slovensko |9 266955 | |
| 210 | 0 | |a Zákony |b (Žilina, Tlačené vyd.) | |
| 222 | 0 | |a Zákony |b (Žilina. Tlačené vydanie) | |
| 240 | 1 | 0 | |a Zákony, etc. |
| 245 | 1 | 0 | |a Zákony ... |b úplné znenia zákonov z oblasti životného prostredia a súvisiace predpisy platné k ... |n VI. |
| 260 | |a Žilina |b Poradca |c 1998- | ||
| 300 | |a zv. |c 21-24 cm | ||
| 310 | |a 1x ročne | ||
| 362 | 0 | |a 1998- | |
| 500 | |a Popis podľa: R. 2005 | ||
| 500 | |a Súčasťou názvu je označenie bežného roku | ||
| 500 | |a V podnázve je označený dátum platnosti k 1. januáru daného roku | ||
| 500 | |a Každý rok vychádza základné dielo a niekoľko aktualizácií | ||
| 500 | |a Obsahuje: životné prostredie, zákon o ovzduší, vodný zákon, zákon o lesoch, zákon o odpadoch, zákon o obaloch | ||
| 500 | |a Redaktori sa menia | ||
| 500 | |a Evidenčné č.: EV 3909/09 patrí čas. Poradca | ||
| 500 | |a Od r. 2006 rozmer zv. 24 cm | ||
| 500 | |a Od r. 2011 rozmer zv. 21 cm | ||
| 500 | |a Podnázov od r. 2011: zborník úplných znení zákonov a súvisiacich predpisov k ... z oblasti životného prostredia | ||
| 500 | |a Neskorší podnázov časť A a časť B: úplné znenie zákonov a súvisiacich predpisov z oblasti životného prostredia k ... | ||
| 500 | |a ISSN 1335-1583 pridelené čas. Poradca : mesačník podnikateľov | ||
| 500 | |a Od r. 2023 bez rozdelenia na časti, podnázov sa nemení | ||
| 530 | |a Online vydanie: ISSN 1338-0869 (online) | ||
| 650 | 0 | 7 | |a environmentálne právo |2 SNKPH |9 192070 |
| 650 | 0 | 7 | |a ochrana životného prostredia |2 SNKPH |9 3352 |
| 650 | 0 | 7 | |a Environmental protection law |2 SNKPHeng |9 266971 |
| 650 | 0 | 7 | |a Environmental protection |2 SNKPHeng |9 265610 |
| 651 | 7 | |a Slovensko |2 SNKPHgeo |9 14231 | |
| 651 | 7 | |a Slovakia |2 SNKPHeng |9 92630 | |
| 655 | 7 | |a zákony |2 SNKPH |9 70186 | |
| 655 | 7 | |a právne predpisy |2 SNKPH |9 70481 | |
| 655 | 7 | |a Laws |2 SNKPHeng |9 266957 | |
| 655 | 7 | |a Legal regulations |2 SNKPHeng |9 266958 | |
| 776 | 0 | |t Zákony (Online) |x 1338-0869 | |
| 910 | |a skpk | ||
| 910 | |a savuk | ||
| 910 | |a snk | ||
| 919 | |a 978-80-8162-056-0 | ||
| 919 | |a 978-80-8162-057-7 | ||
| 919 | |a 978-80-8162-112-3 | ||
| 919 | |a 978-80-8162-116-1 | ||
| 919 | |a 978-80-8162-161-1 | ||
| 919 | |a 978-80-8162-163-5 | ||
| 919 | |a 978-80-8162-223-6 | ||
| 919 | |a 978-80-8162-224-3 | ||
| 919 | |a 978-80-8162-253-3 | ||
| 999 | |c 3046 |d 4976 | ||
| 952 | |a SNK |b SNK |y PREZ |7 0 |p 17A1523193 |o snkČSD 2456/2023 |i snk2024/9678 |8 0 |z Životné prostredie-ovzdušie-emisné kvóty-lesné hospodárstvo-environmentálny fond-odpad-separovanie-zálohovanie-obaly-povodne-vodný zákon |0 0 |1 0 |4 0 |d 2024-06-19 |l 0 |r 2026-02-21 19:51:53 |w 2026-02-21 | ||
| 952 | |a SNK |b SNK |y PREZ |7 0 |p 17A1523194 |o snkČSD 2456/2023 D1 |i snk2024/9679 |8 0 |z Životné prostredie-ovzdušie-emisné kvóty-lesné hospodárstvo-environmentálny fond-odpad-separovanie-zálohovanie-obaly-povodne-vodný zákon |0 0 |1 0 |4 0 |d 2024-06-19 |l 0 |r 2026-02-21 19:51:53 |w 2026-02-21 | ||
| 952 | |a SNK |b SNK |y PREZ |7 0 |p 17A1464455 |o snkČSD 2456/2022/A |i snk2022/18372 |8 0 |z Enviromentálny fond-životné prostredie-prevencia-ovzdušie-emisie-požiare-lesy-národné parky-sezónne uzávery-ochrana-horská záchranná služba-geologický zákon-podzemné vody |0 0 |1 0 |4 0 |d 2022-12-08 |l 0 |r 2026-02-21 20:12:27 |w 2026-02-21 | ||
| 952 | |a SNK |b SNK |y PREZ |7 0 |p 17A1464456 |o snkČSD 2456/2022/A D1 |i snk2022/18373 |8 0 |z Enviromentálny fond-životné prostredie-prevencia-ovzdušie-emisie-požiare-lesy-národné parky-sezónne uzávery-ochrana-horská záchranná služba-geologický zákon-podzemné vody |0 0 |1 0 |4 0 |d 2022-12-08 |l 0 |r 2026-02-21 20:12:27 |w 2026-02-21 | ||
| 952 | |a SNK |b SNK |y PREZ |7 0 |p 17A1464457 |o snkČSD 2456/2022/B |i snk2022/18374 |8 0 |z Skládka-komunálny odpad-zberné dvory-triedenie-prevencia priemyselných havárií-vratné obaly-zálohovanie-verejné zdravie-očkovanie-povodne-vodný zákon-vznik odpadu-ohlasovanie |0 0 |1 0 |4 0 |d 2022-12-08 |l 0 |r 2026-02-21 20:12:28 |w 2026-02-21 | ||
| 952 | |a SNK |b SNK |y PREZ |7 0 |p 17A1464458 |o snkČSD 2456/2022/B D1 |i snk2022/18375 |8 0 |z Skládka-komunálny odpad-zberné dvory-triedenie-prevencia priemyselných havárií-vratné obaly-zálohovanie-verejné zdravie-očkovanie-povodne-vodný zákon-vznik odpadu-ohlasovanie |0 0 |1 0 |4 0 |d 2022-12-08 |l 0 |r 2026-02-21 20:12:28 |w 2026-02-21 | ||
| 952 | |a SNK |b SNK |y PREZ |7 0 |p 17A1434030 |o snkČSD 2456/2020/A |i snk2021/1991 |8 0 |0 0 |1 0 |4 0 |d 2021-03-22 |l 0 |r 2026-02-21 20:26:40 |w 2026-02-21 | ||
| 952 | |a SNK |b SNK |y PREZ |7 0 |p 17A1434031 |o snkČSD 2456/2020/B |i snk2021/1992 |8 0 |0 0 |1 0 |4 0 |d 2021-03-22 |l 0 |r 2026-02-21 20:26:40 |w 2026-02-21 | ||
| 952 | |a SNK |b SNK |y PREZ |7 0 |p 17A1434032 |o snkČSD 2456/2020/A D1 |i snk2021/1993 |8 0 |0 0 |1 0 |4 0 |d 2021-03-22 |l 0 |r 2026-02-21 20:26:40 |w 2026-02-21 | ||
| 952 | |a SNK |b SNK |y PREZ |7 0 |p 17A1434033 |o snkČSD 2456/2020/B D1 |i snk2021/1994 |8 0 |0 0 |1 0 |4 0 |d 2021-03-22 |l 0 |r 2026-02-21 20:26:40 |w 2026-02-21 | ||
| 952 | |a SNK |b SNK |y PREZ |7 0 |p 17A1434034 |o snkČSD 2456/2021/A |i snk2021/1995 |8 0 |0 0 |1 0 |4 0 |d 2021-03-22 |l 0 |r 2026-02-21 20:26:40 |w 2026-02-21 | ||
| 952 | |a SNK |b SNK |y PREZ |7 0 |p 17A1434035 |o snkČSD 2456/2021/B |i snk2021/1997 |8 0 |0 0 |1 0 |4 0 |d 2021-03-22 |l 0 |r 2026-02-21 20:26:41 |w 2026-02-21 | ||
| 952 | |a SNK |b SNK |y PREZ |7 0 |p 17A1434036 |o snkČSD 2456/2021/A D1 |i snk2021/1998 |8 0 |0 0 |1 0 |4 0 |d 2021-03-22 |l 0 |r 2026-02-21 20:26:41 |w 2026-02-21 | ||
| 952 | |a SNK |b SNK |y PREZ |7 0 |p 17A1434037 |o snkČSD 2456/2021/B D1 |i snk2021/2000 |8 0 |0 0 |1 0 |4 0 |d 2021-03-22 |l 0 |r 2026-02-21 20:26:41 |w 2026-02-21 | ||
| 952 | |a SNK |b SNK |y PREZ |7 0 |p 17A0534438 |o snkČSD 2456/2007 D1 |i snk2007/7433 |8 3 |z snkZAK/6/2007 340.13 |0 0 |1 0 |4 0 |d 2007-03-15 |l 0 |r 2026-02-21 20:27:26 |w 2026-02-21 | ||
| 952 | |a SNK |b SNK |y PREZ |7 0 |p 17A0570181 |o snkČSD 2456/2008 D1 |i snk2008/6715 |8 3 |0 0 |1 0 |4 0 |d 2008-03-19 |l 0 |r 2026-02-21 20:49:22 |w 2026-02-21 | ||
| 952 | |a SNK |b SNK |y PREZ |7 0 |p 17A0582463 |o snkČSD 2456/2005 |i snk2008/14369 |8 0 |0 0 |1 0 |4 0 |d 2008-07-21 |l 0 |r 2026-02-21 21:30:00 |w 2026-02-21 | ||
| 952 | |a SNK |b SNK |y PREZ |7 0 |p 17A0582462 |o snkČSD 2456/2005 D1 |i snk2008/14371 |8 0 |0 0 |1 0 |4 0 |d 2008-07-21 |l 0 |r 2026-02-21 21:30:00 |w 2026-02-21 | ||
| 952 | |a SNK |b SNK |y PREZ |7 0 |p 17A0582464 |o snkČSD 2456/2006 |i snk2008/14372 |8 0 |0 0 |1 0 |4 0 |d 2008-07-21 |l 0 |r 2026-02-21 21:30:00 |w 2026-02-21 | ||
| 952 | |a SNK |b SNK |y PREZ |7 0 |p 17A0582465 |o snkČSD 2456/2006 D1 |i snk2008/14373 |8 0 |0 0 |1 0 |4 0 |d 2008-07-21 |l 0 |r 2026-02-21 21:30:01 |w 2026-02-21 | ||
| 952 | |a SNK |b SNK |y PREZ |7 0 |p 17A1340025 |o snkČSD 2456/2011 |i snk2018/22302 |8 0 |0 0 |1 0 |4 0 |d 2018-10-26 |l 0 |r 2026-02-21 21:58:06 |w 2026-02-21 | ||
| 952 | |a SNK |b SNK |y PREZ |7 0 |p 17A1340024 |o snkČSD 2456/2012 |i snk2018/22304 |8 0 |0 0 |1 0 |4 0 |d 2018-10-26 |l 0 |r 2026-02-21 21:58:07 |w 2026-02-21 | ||
| 952 | |a SNK |b SNK |y PREZ |7 0 |p 17A1340023 |o snkČSD 2456/2013 |i snk2018/22305 |8 0 |0 0 |1 0 |4 0 |d 2018-10-26 |l 0 |r 2026-02-21 21:58:07 |w 2026-02-21 | ||
| 952 | |a SNK |b SNK |y PREZ |7 0 |p 17A1340022 |o snkČSD 2456/2014 |i snk2018/22307 |8 0 |0 0 |1 0 |4 0 |d 2018-10-26 |l 0 |r 2026-02-21 21:58:07 |w 2026-02-21 | ||
| 952 | |a SNK |b SNK |y PREZ |7 0 |p 17A1340021 |o snkČSD 2456/2015 |i snk2018/22308 |8 0 |0 0 |1 0 |4 0 |d 2018-10-26 |l 0 |r 2026-02-21 21:58:07 |w 2026-02-21 | ||
| 952 | |a SNK |b SNK |y PREZ |7 0 |p 17A1340020 |o snkČSD 2456/2016 |i snk2018/22310 |8 0 |0 0 |1 0 |4 0 |d 2018-10-26 |l 0 |r 2026-02-21 21:58:07 |w 2026-02-21 | ||
| 952 | |a SNK |b SNK |y PREZ |7 0 |p 17A1340019 |o snkČSD 2456/2017 |i snk2018/22311 |8 0 |0 0 |1 0 |4 0 |d 2018-10-26 |l 0 |r 2026-02-21 21:58:07 |w 2026-02-21 | ||
| 952 | |a SNK |b SNK |y PREZ |7 0 |p 17A1340018 |o snkČSD 2456/2018 |i snk2018/22313 |8 0 |0 0 |1 0 |4 0 |d 2018-10-26 |l 0 |r 2026-02-21 21:58:07 |w 2026-02-21 | ||
| 952 | |a SNK |b SNK |y PREZ |7 0 |p 17A1340017 |o snkČSD 2456/2011 D1 |i snk2018/22314 |8 0 |0 0 |1 0 |4 0 |d 2018-10-26 |l 0 |r 2026-02-21 21:58:07 |w 2026-02-21 | ||
| 952 | |a SNK |b SNK |y PREZ |7 0 |p 17A1340016 |o snkČSD 2456/2012 D1 |i snk2018/22316 |8 0 |0 0 |1 0 |4 0 |d 2018-10-26 |l 0 |r 2026-02-21 21:58:07 |w 2026-02-21 | ||
| 952 | |a SNK |b SNK |y PREZ |7 0 |p 17A1340015 |o snkČSD 2456/2013 D1 |i snk2018/22317 |8 0 |0 0 |1 0 |4 0 |d 2018-10-26 |l 0 |r 2026-02-21 21:58:07 |w 2026-02-21 | ||
| 952 | |a SNK |b SNK |y PREZ |7 0 |p 17A1340014 |o snkČSD 2456/2014 D1 |i snk2018/22319 |8 0 |0 0 |1 0 |4 0 |d 2018-10-26 |l 0 |r 2026-02-21 21:58:07 |w 2026-02-21 | ||
| 952 | |a SNK |b SNK |y PREZ |7 0 |p 17A1340013 |o snkČSD 2456/2015 D1 |i snk2018/22320 |8 0 |0 0 |1 0 |4 0 |d 2018-10-26 |l 0 |r 2026-02-21 21:58:07 |w 2026-02-21 | ||
| 952 | |a SNK |b SNK |y PREZ |7 0 |p 17A1340012 |o snkČSD 2456/2016 D1 |i snk2018/22322 |8 0 |0 0 |1 0 |4 0 |d 2018-10-26 |l 0 |r 2026-02-21 21:58:07 |w 2026-02-21 | ||
| 952 | |a SNK |b SNK |y PREZ |7 0 |p 17A1340011 |o snkČSD 2456/2017 D1 |i snk2018/22324 |8 0 |0 0 |1 0 |4 0 |d 2018-10-26 |l 0 |r 2026-02-21 21:58:09 |w 2026-02-21 | ||
| 952 | |a SNK |b SNK |y PREZ |7 0 |p 17A1340010 |o snkČSD 2456/2018 D1 |i snk2018/22325 |8 0 |0 0 |1 0 |4 0 |d 2018-10-26 |l 0 |r 2026-02-21 21:58:09 |w 2026-02-21 | ||
| 952 | |a SNK |b SNK |y PREZ |7 0 |p 17A1098979 |o snkČSD 2456/2007 |i snk2016/7811 |8 0 |0 0 |1 0 |4 0 |d 2016-03-21 |l 0 |r 2026-02-21 22:09:17 |w 2026-02-21 | ||
| 952 | |a SNK |b SNK |y PREZ |7 0 |p 17A1098927 |o snkČSD 2456/2008 |i snk2016/7813 |8 0 |0 0 |1 0 |4 0 |d 2016-03-21 |l 0 |r 2026-02-21 22:09:17 |w 2026-02-21 | ||
| 952 | |a SNK |b SNK |y PREZ |7 0 |p 17A1098940 |o snkČSD 2456/2009 |i snk2016/7815 |8 0 |0 0 |1 0 |4 0 |d 2016-03-21 |l 0 |r 2026-02-21 22:09:17 |w 2026-02-21 | ||
| 952 | |a SNK |b SNK |y PREZ |7 0 |p 17A1098941 |o snkČSD 2456/2009 D1 |i snk2016/7816 |8 0 |0 0 |1 0 |4 0 |d 2016-03-21 |l 0 |r 2026-02-21 22:09:17 |w 2026-02-21 | ||
| 952 | |a SNK |b SNK |y PREZ |7 0 |p 17A1098942 |o snkČSD 2456/2010 |i snk2016/7817 |8 0 |0 0 |1 0 |4 0 |d 2016-03-21 |l 0 |r 2026-02-21 22:09:17 |w 2026-02-21 | ||
| 952 | |a SNK |b SNK |y PREZ |7 0 |p 17A1098943 |o snkČSD 2456/2010 D1 |i snk2016/7818 |8 0 |0 0 |1 0 |4 0 |d 2016-03-21 |l 0 |r 2026-02-21 22:09:17 |w 2026-02-21 | ||
| 952 | |a SNK |b SNK |y PREZ |7 0 |p 17A1385567 |o snkČSD 2456/2019/A |i snk2020/3647 |8 0 |0 0 |1 0 |4 0 |d 2020-02-14 |l 0 |r 2026-02-21 22:29:48 |w 2026-02-21 | ||
| 952 | |a SNK |b SNK |y PREZ |7 0 |p 17A1385568 |o snkČSD 2456/2019/A D1 |i snk2020/3648 |8 0 |0 0 |1 0 |4 0 |d 2020-02-14 |l 0 |r 2026-02-21 22:29:48 |w 2026-02-21 | ||
| 952 | |a SNK |b SNK |y PREZ |7 0 |p 17A1385569 |o snkČSD 2456/2019/B |i snk2020/3649 |8 0 |0 0 |1 0 |4 0 |d 2020-02-14 |l 0 |r 2026-02-21 22:29:48 |w 2026-02-21 | ||
| 952 | |a SNK |b SNK |y PREZ |7 0 |p 17A1385570 |o snkČSD 2456/2019/B D1 |i snk2020/3650 |8 0 |0 0 |1 0 |4 0 |d 2020-02-14 |l 0 |r 2026-02-21 22:29:48 |w 2026-02-21 | ||


